000 00562nam a22002177a 4500
003 OSt
005 20140310183032.0
008 130219t xxu||||| |||| 00| 0 eng d
020 _a9712326756
050 _a LB14.7
_bD877 2000
082 _aFIL 370.1
_bD88 2000
245 _aPhilosophy of education
_cDuka, Cecilio D.
260 _aManila :
_bRex Book Store,
_c1999.
300 _aviii, 142 p. ;
_c23 cm.
521 _acollege students
526 _c1210L-1700L
541 _j1
541 _j2
562 _e2
942 _2lcc
_cBK
_kFIL
999 _c18449
_d18449